000 00742nam a2200253Ia 4500
003 OSt
005 20221005074453.0
006 a|||||r|||| 00| 0
007 ta
008 221004b |||||||| |||| 00| 0 urd d
020 _c200
024 _a31983
037 _b5722/3, 09/03/2010, Modern Publishing House
_cTextual
040 _aCRL
_cCRL
_burd
041 _2urd
_aurd
082 _aO168,3N04x, N9
100 _aMehdi Sughra Ed.
_9194358
245 0 _aBazm-e-yariyan
260 _aNew Delhi
_bMaktaba Jadeed India
_c1999
300 _a235p.
_ccm.
650 _aURDU LETTERS
942 _hO168,3N04x, N9
_cTEXL
_2cc
999 _c982757
_d982757